Lihyot ḥayal : (Record no. 33714)

MARC details
000 -LEADER
fixed length control field 00717cam a22002411 4500
001 - CONTROL NUMBER
control field he 68002853
003 - CONTROL NUMBER IDENTIFIER
control field DLC
005 - DATE AND TIME OF LATEST TRANSACTION
control field 20260227111503.0
008 - FIXED-LENGTH DATA ELEMENTS--GENERAL INFORMATION
fixed length control field 840307s1968 is 000 0 heb
010 ## - LIBRARY OF CONGRESS CONTROL NUMBER
LC control number he 68002853
035 ## - SYSTEM CONTROL NUMBER
System control number (OCoLC)19149414
040 ## - CATALOGING SOURCE
Original cataloging agency DLC
Transcribing agency MH
Modifying agency DLC
042 ## - AUTHENTICATION CODE
Authentication code premarc
050 00 - LIBRARY OF CONGRESS CALL NUMBER
Classification number CT1919.P3
Item number C616
100 1# - MAIN ENTRY--PERSONAL NAME
Personal name Golan, Aviezer.
245 10 - TITLE STATEMENT
Title Lihyot ḥayal :
Remainder of title Ḳorot ḥayaṿ u-moto shel Dov Kohen hu Gondar Shimshon.
260 ## - PUBLICATION, DISTRIBUTION, ETC.
Place of publication, distribution, etc. [Tel Aviv] :
Name of publisher, distributor, etc. [Ḳetsin ḥinukh rashi, ʻAnaf haśkalah],
Date of publication, distribution, etc. [1968]
300 ## - PHYSICAL DESCRIPTION
Extent 117 p. ;
Dimensions 15 cm.
490 0# - SERIES STATEMENT
Series statement Sifriyat tarmil ;
Volume/sequential designation 44
600 10 - SUBJECT ADDED ENTRY--PERSONAL NAME
Personal name Cohen, Dov,
Dates associated with a name 1915-1947.
610 20 - SUBJECT ADDED ENTRY--CORPORATE NAME
Corporate name or jurisdiction name as entry element Irgun tsevaʼi leʼumi.
752 ## - ADDED ENTRY--HIERARCHICAL PLACE NAME
Country or larger entity Israel
City Tel Aviv

No items available.

Powered by Koha